Miesto teórie regulovania v systéme makroekonomických teórií
Determinanty formovania teórie regulovania. Základné pojmy. Základné štruktúrne formy. Vymedzenie národných a historických osobností ekonomického rastu a kríz.
Na minha lista:
| Autor principal: | |
|---|---|
| Formato: | Capítulo de Livro |
| Idioma: | eslovaco |
| Assuntos: | |
| Tags: |
Sem tags, seja o primeiro a adicionar uma tag!
|
MARC
| LEADER | 00000naa$a2200000$$$4500 | ||
|---|---|---|---|
| 001 | 0083156 | ||
| 005 | 20240502071933.0 | ||
| 041 | 0 | |a slo | |
| 044 | |a SK | ||
| 245 | 1 | 0 | |a Miesto teórie regulovania v systéme makroekonomických teórií |c Magdaléna Přívarová |
| 520 | |a Determinanty formovania teórie regulovania. Základné pojmy. Základné štruktúrne formy. Vymedzenie národných a historických osobností ekonomického rastu a kríz. | ||
| 610 | 2 | 0 | |a teórie ekonomické |
| 610 | 2 | 0 | |a pojmy |
| 610 | 2 | 0 | |a makroekonomika |
| 610 | 2 | 0 | |a teória regulovania |
| 100 | 1 | |a Přívarová, Magdaléna, 1955- | |